Kafka

Sparad:
Bibliografiska uppgifter
Huvudupphovsman: Kuna, Franz
Materialtyp: Bok
Språk:Undetermined
Publicerad: Great Britain Paul Eleck 1974
Ämnen:
Taggar: Lägg till en tagg
Inga taggar, Lägg till första taggen!

MARC

LEADER 00000nam a2200000Ia 4500
008 170316s9999 xx 000 0 und d
040 |a cru BVZT 
090 |a 830 K-8k 
100 |a Kuna, Franz 
245 |a Kafka 
260 |a Great Britain 
260 |b Paul Eleck 
260 |c 1974 
300 |a 196 páginas 
650 |a LITERATURA ALEMANA 
999 |c 7385  |d 7385 
942 |c 15 D  |h 830 K-8k  |2 z